000 00520nam a2200181Ia 4500
005 20250508151658.0
008 008 250505s9999 xx 000 0 eng d
037 _aTextual
040 _aFEDL
_beng
_cFEDL
041 _aeng
_2eng
084 _a001.422, EDW
_qFEDL
245 0 _aStatistical methods for the behavioral sciences
260 _aNew York, USA
_bRinehart and Company
300 _axvii,542p.
650 _aStatistical Methods
942 _cTEXL
_h001.422, EDW
999 _c1331393
_d1331393